000 01326nam a2200325 i 4500
003 EG-GICUC
005 20260121101330.0
008 251120s1979 ua ||||fr|||| 001 0 ara d
017 _a1979/3661
040 _a EG-GICUC
_bara
_c EG-GICUC
_d EG-GICUC
_erda
041 _aara
082 0 4 _a343.412
_bم ح . ج
_221
092 0 4 _221
099 _aLaw1 10 343.412 م ح . ج 2 ed - 1979 1006933
100 0 _aمحمود محمود مصطفى.
_eمؤلف.
245 1 2 _aالجرائم الاقتصادية في القانون المقارن.
_nالجزء الثاني،
_pجرائم الصرف /
_cتأليف الدكتور محمود محمود مصطفى.
250 _aالطبعة الثانية،
264 1 _aالقاهرة :
_bمطبعة جامعة القاهرة،
_c1979.
300 _a188 صفحة ؛
_c24 سم.
_bإيضاحيات، صور، مثيليات ؛
336 _2rda content
_atext
337 _2rda media
_aComputer
338 _2rda carrier
_aOnline Resource
504 _aيشتمل على ارجاعات ببليوجرافية.
546 _aالنص باللغة العربية
650 1 _aقانون العقوبات المالي والنقدي.
_2qrmak
651 1 _2qrmak
856 4 0 _uhttps://fll.law.cu.edu.eg/fulltext/bks/B10-06933.pdf
905 _a18
942 _2ddc
_n0
_cBK
_e21
999 _c45217
_d45217